000 00457pab a2200181 454500
008 180718b2006 xxu||||| |||| 00| 0 eng d
100 _aMohanty, N.R.
245 _aChronic poverty and social conflict in Bihar
260 _c2006
300 _ap.91-106.
362 _aJul-Sep and Oct-Dec
650 _aSocial conflicts - India - Bihar
650 _aPoverty - India - Bihar
650 _aPoverty
773 _aMargin
908 _aN
909 _a73623
999 _c73623
_d73623